000 00445nam a2200181Ia 4500
008 151018s9999 xx 000 0 und d
082 _bRBASDV1663
_a920
100 _aW M. Thayer
245 _aLag-cabin to whote House
250 _b-
260 _bF.L.B. House
_c1937
300 _a189
600 _aW M. Thayer
630 _aLag-cabin to whote House
700 _aW M. Thayer
730 _aLag-cabin to whote House
942 _cBOOK
999 _c1004090
_d1004087